000 00579nam a22001697a 4500
008 160209b xxu||||| |||| 00| 0 eng d
020 _a9789719905417
082 _22012
_aDFil 371.33
_bAb1e
100 _92733
_aAbanador, Pedro
245 _aExploring new trends in educational technology/
_cPedro Abanador
260 _aIntramuros, Manila:
_bPurely Books Trading & Publishing Corp.,
_cc2012.
300 _avi, 178 pages:
_billustrations;
_c22 cm.
500 _aIncludes bibliographical references.
650 0 _92734
_aEducational technology
365 _cPhp
942 _2ddc
_cDFIL
999 _c1027
_d1027